[Event "Junior Online 4NCL Division 4"]
[Site "online"]
[Date "2020.09.03"]
[Round "2.151"]
[White "Querfurth Waterman, Maya"]
[Black "Bhargava, Arnav"]
[Result "0-1"]
[WhiteElo "850"]
[BlackElo "700"]
[PlyCount "54"]
[EventDate "2020.09.03"]
[WhiteTeam "Eden Primary Knights"]
[BlackTeam "Uxbridge Juniors D"]

1. e4 e5 2. Bc4 Nf6 3. Nf3 Nxe4 4. Nxe5 Qf6 5. O-O Bd6 6. Nxf7 O-O 7. Nxd6+ Rf7
8. Nxf7 Kf8 9. Nd8 Qxd8 10. d3 Nd6 11. Qf3+ Qf6 12. Qh5 Nxc4 13. dxc4 g6 14.
Qh6+ Kf7 15. Qxh7+ Kf8 16. Qh8+ Qxh8 17. Bd2 Qh5 18. Re1 b6 19. Nc3 Bb7 20. Ne2
Qg4 21. g3 Qe4 22. Nf4 Qxc4 23. b3 Qc6 24. Bb4+ d6 25. Re2 g5 26. Kf1 gxf4 27.
gxf4 Qh1# 0-1

[Event "Junior Online 4NCL Division 4"]
[Site "online"]
[Date "2020.09.03"]
[Round "2.152"]
[White "Machutadze, Nicholas"]
[Black "Book, Zachery"]
[Result "1-0"]
[WhiteElo "700"]
[BlackElo "850"]
[PlyCount "71"]
[EventDate "2020.09.03"]
[WhiteTeam "Uxbridge Juniors D"]
[BlackTeam "Eden Primary Knights"]

1. d4 Nc6 2. c3 Nf6 3. Bf4 g6 4. Nh3 Ng4 5. f3 Nf6 6. e3 e6 7. Bb5 Na5 8. O-O
c6 9. Ba4 b5 10. Bb3 Nxb3 11. axb3 Nh5 12. g3 e5 13. Bxe5 d6 14. Bf4 Nxf4 15.
exf4 Bxh3 16. Re1+ Be6 17. Rf1 Bh3 18. Qe1+ Be6 19. Qd1 Qa5 20. Rxa5 Bf5 21. g4
O-O-O 22. gxf5 gxf5 23. Rxa7 Rg8+ 24. Kh1 Kb8 25. Rxf7 Be7 26. Rxe7 c5 27. Rxh7
cxd4 28. cxd4 Rdf8 29. Rh6 Kc7 30. Qd3 Kc6 31. d5+ Kd7 32. Qxb5+ Kd8 33. Rxd6+
Ke7 34. Qb6 Rh8 35. Qc7+ Ke8 36. Rd8# 1-0

[Event "Junior Online 4NCL Division 4"]
[Site "online"]
[Date "2020.09.03"]
[Round "2.153"]
[White "Ackerman, Jesse"]
[Black "Huckridge, Erik"]
[Result "0-1"]
[WhiteElo "850"]
[BlackElo "700"]
[PlyCount "66"]
[EventDate "2020.09.03"]
[WhiteTeam "Eden Primary Knights"]
[BlackTeam "Uxbridge Juniors D"]

1. e3 d5 2. c4 Nf6 3. cxd5 Nxd5 4. e4 Nf6 5. Bc4 Bg4 6. f3 Bh5 7. g4 Bg6 8. f4
e6 9. f5 exf5 10. gxf5 Bh5 11. Be2 Qd7 12. Bxh5 Nxh5 13. Qxh5 g6 14. Qd1 gxf5
15. exf5 Qxf5 16. Ne2 Qe4 17. d3 Qxh1+ 18. Ng1 Qxg1+ 19. Kd2 Qxh2+ 20. Ke1 Qg3+
21. Kd2 Rg8 22. Qa4+ Nd7 23. b4 Qg2+ 24. Kd1 Rg3 25. Ke1 Rxd3 26. Bb2 Qf3 27.
Na3 b5 28. Nxb5 Nc5 29. bxc5 Bxc5 30. Nxc7+ Ke7 31. Nxa8 h5 32. Rc1 Be3 33. Rc6
Qf2# 0-1

[Event "Junior Online 4NCL Division 4"]
[Site "online"]
[Date "2020.09.03"]
[Round "2.154"]
[White "Huckridge, Jake"]
[Black "Lasserson, Gabriel"]
[Result "1-0"]
[WhiteElo "700"]
[BlackElo "800"]
[PlyCount "79"]
[EventDate "2020.09.03"]
[WhiteTeam "Uxbridge Juniors D"]
[BlackTeam "Eden Primary Knights"]

1. d4 d5 2. Nf3 Nf6 3. Nc3 Ne4 4. Nxe4 dxe4 5. Ne5 e6 6. e3 f6 7. Nc4 e5 8.
dxe5 fxe5 9. Nxe5 Qxd1+ 10. Kxd1 Bd6 11. Nc4 b5 12. Nxd6+ cxd6 13. Bxb5+ Bd7
14. Bxd7+ Nxd7 15. f3 exf3 16. gxf3 Ne5 17. f4 Nf3 18. Rf1 Nxh2 19. Rh1 Nf3 20.
Ke2 Ne5 21. fxe5 dxe5 22. e4 Rc8 23. c3 O-O 24. Be3 a5 25. b4 Rxc3 26. bxa5
Rc2+ 27. Kd3 Rc6 28. Rhc1 Rxc1 29. Rxc1 Rd8+ 30. Ke2 Rd6 31. Rc8+ Kf7 32. Ra8
Rg6 33. a6 Rg2+ 34. Kd3 g5 35. a7 g4 36. Rb8 g3 37. a8=Q Rg1 38. Qa6 g2 39.
Rb7+ Kg8 40. Qa8# 1-0

[Event "Junior Online 4NCL Division 4"]
[Site "online"]
[Date "2020.09.03"]
[Round "2.155"]
[White "Bhargava, Arnav"]
[Black "Querfurth Waterman, Maya"]
[Result "1-0"]
[WhiteElo "700"]
[BlackElo "850"]
[PlyCount "23"]
[EventDate "2020.09.03"]
[WhiteTeam "Uxbridge Juniors D"]
[BlackTeam "Eden Primary Knights"]

1. d4 e5 2. c4 exd4 3. Qxd4 Nc6 4. Qf4 Qf6 5. Qxc7 d6 6. Nf3 Bf5 7. Bg5 Qxb2 8.
Ne5 Qxa1 9. Nxc6 bxc6 10. Qxc6+ Bd7 11. Qxa8+ Bc8 12. Qxc8# 1-0

[Event "Junior Online 4NCL Division 4"]
[Site "online"]
[Date "2020.09.03"]
[Round "2.156"]
[White "Book, Zachery"]
[Black "Machutadze, Nicholas"]
[Result "0-1"]
[WhiteElo "850"]
[BlackElo "700"]
[PlyCount "112"]
[EventDate "2020.09.03"]
[WhiteTeam "Eden Primary Knights"]
[BlackTeam "Uxbridge Juniors D"]

1. e4 e5 2. Nc3 d6 3. Bc4 Bd7 4. Qh5 g6 5. Qd1 Na6 6. Nge2 Qf6 7. O-O O-O-O 8.
Ng3 Nb4 9. Rb1 a6 10. a3 Nc6 11. Nd5 Qe6 12. Ne3 Qf6 13. Nd5 Qe6 14. Ne3 Qf6
15. Ng4 Qh4 16. Ne3 Qf6 17. h3 Bh6 18. Nd5 Qe6 19. Kh2 Bf4 20. Rh1 Nh6 21. Kg1
Nd4 22. c3 Nc6 23. Nh5 gxh5 24. a4 b5 25. axb5 axb5 26. Bxb5 Na7 27. Bxd7+ Kxd7
28. g3 Bg5 29. h4 Bf6 30. c4 Nc6 31. b3 Ng4 32. f3 Nh6 33. d3 Bg7 34. Ra1 Ra8
35. Rxa8 Rxa8 36. Kf2 Ra1 37. Qc2 Nb4 38. Qc3 Na2 39. Ba3 Nxc3 40. Bb2 Rxh1 41.
Bxc3 Rb1 42. Ba5 Rxb3 43. Be1 Rxd3 44. Ke2 Rd4 45. Bc3 Rxc4 46. Ba5 Rc2+ 47.
Kd1 Rc5 48. Bd2 c6 49. Be1 cxd5 50. Ba5 dxe4 51. Kd2 Rxa5 52. Ke3 Ra3+ 53. Kxe4
Ra4+ 54. Ke3 Qb3+ 55. Kf2 Ra2+ 56. Kg1 Qb1# 0-1

[Event "Junior Online 4NCL Division 4"]
[Site "online"]
[Date "2020.09.03"]
[Round "2.157"]
[White "Huckridge, Erik"]
[Black "Ackerman, Jesse"]
[Result "1-0"]
[WhiteElo "700"]
[BlackElo "850"]
[PlyCount "89"]
[EventDate "2020.09.03"]
[WhiteTeam "Uxbridge Juniors D"]
[BlackTeam "Eden Primary Knights"]

1. e4 e6 2. Nc3 Bc5 3. Nf3 g5 4. d4 Bb6 5. Bxg5 f6 6. Bh4 c5 7. Qe2 cxd4 8. Na4
Bc5 9. Nxc5 d3 10. Qxd3 Ne7 11. O-O-O Nbc6 12. Bxf6 Nb4 13. Qb3 a5 14. Na4 Rf8
15. Bc4 Rxf6 16. Nd4 h5 17. Bxe6 dxe6 18. Nxe6 Rxe6 19. Rxd8+ Kxd8 20. Qa3 Rxe4
21. Qd3+ Bd7 22. Qxe4 Nxa2+ 23. Kb1 h4 24. g3 hxg3 25. hxg3 Rc8 26. Qe5 Nb4 27.
Rh8+ Ng8 28. Rxg8+ Be8 29. Rxe8+ Kd7 30. Rxc8 Kxc8 31. g4 b5 32. g5 Nc6 33.
Nb6+ Kb7 34. Qxb5 a4 35. g6 a3 36. bxa3 Ne7 37. g7 Kc7 38. Nd5+ Kd6 39. Nxe7
Kxe7 40. g8=Q Kf6 41. Qgg5+ Kf7 42. Qb6 Kf8 43. Qgd8+ Kf7 44. Qd7+ Kf8 45. Qb8#
1-0

[Event "Junior Online 4NCL Division 4"]
[Site "online"]
[Date "2020.09.03"]
[Round "2.158"]
[White "Lasserson, Gabriel"]
[Black "Huckridge, Jake"]
[Result "0-1"]
[WhiteElo "800"]
[BlackElo "700"]
[PlyCount "40"]
[EventDate "2020.09.03"]
[WhiteTeam "Eden Primary Knights"]
[BlackTeam "Uxbridge Juniors D"]

1. Nf3 d5 2. d4 Nf6 3. Nc3 Bg4 4. e4 dxe4 5. Bb5+ c6 6. h3 Bxf3 7. gxf3 cxb5 8.
Nxb5 exf3 9. Qxf3 Nc6 10. Qa3 Nxd4 11. Nxd4 Qxd4 12. c3 Qe4+ 13. Be3 Qxh1+ 14.
Ke2 Qxa1 15. Qa4+ Kd8 16. Qd4+ Ke8 17. Qa4+ Kd8 18. Bb6+ axb6 19. Qxa8+ Kc7 20.
Kf3 Qxb2 0-1

[Event "Junior Online 4NCL Division 4"]
[Site "online"]
[Date "2020.09.03"]
[Round "2.161"]
[White "Wan, Qiao"]
[Black "Yau, Ethan Y"]
[Result "0-1"]
[WhiteElo "1052"]
[BlackElo "1562"]
[PlyCount "28"]
[EventDate "2020.09.03"]
[WhiteTeam "Cambridge Chess & Go C"]
[BlackTeam "Temple Sutton Juniors"]

1. e4 e5 2. Nf3 Nc6 3. Nc3 Nf6 4. Bc4 Bc5 5. d3 h6 6. O-O d6 7. Nd5 Bg4 8.
Nxf6+ Qxf6 9. h3 Bh5 10. Qd2 Bxf3 11. gxf3 Qxf3 12. Qe1 Qxh3 13. Qe2 Nd4 14.
Qe1 Nf3# 0-1

[Event "Junior Online 4NCL Division 4"]
[Site "online"]
[Date "2020.09.03"]
[Round "2.163"]
[White "Soni, Raghhav"]
[Black "Yau, Max Y"]
[Result "0-1"]
[WhiteElo "762"]
[BlackElo "1277"]
[PlyCount "74"]
[EventDate "2020.09.03"]
[WhiteTeam "Cambridge Chess & Go C"]
[BlackTeam "Temple Sutton Juniors"]

1. e4 e5 2. Nf3 Nc6 3. Nc3 d6 4. Bc4 Bg4 5. O-O g6 6. h3 Bh5 7. Qe1 Bxf3 8.
gxf3 Nf6 9. d3 Bg7 10. Kh2 O-O 11. Rg1 Nd4 12. Rg2 Nxc2 13. Qd1 Nxa1 14. Bd2
Qd7 15. Qxa1 c6 16. Qe1 b5 17. Bb3 d5 18. Nxd5 cxd5 19. exd5 Nxd5 20. Bxd5 Qxd5
21. Ba5 Qxf3 22. Qg1 Qxd3 23. b3 e4 24. a4 bxa4 25. bxa4 Qd4 26. Rg3 Be5 27.
Kg2 Bxg3 28. Kxg3 Qe5+ 29. Kg2 Qxa5 30. Qh2 Qxa4 31. Qf4 Rae8 32. Qc7 e3 33.
fxe3 Rxe3 34. Qh2 Qa2+ 35. Kf1 Qxh2 36. h4 Ra3 37. Ke1 Ra1# 0-1

[Event "Junior Online 4NCL Division 4"]
[Site "online"]
[Date "2020.09.03"]
[Round "2.164"]
[White "Summers, Joseph S"]
[Black "Ortu, Lorenzo"]
[Result "1-0"]
[WhiteElo "1090"]
[BlackElo "750"]
[PlyCount "33"]
[EventDate "2020.09.03"]
[WhiteTeam "Temple Sutton Juniors"]
[BlackTeam "Cambridge Chess & Go C"]

1. e4 e5 2. Nf3 Nc6 3. Bc4 Nf6 4. Ng5 Nxe4 5. Nxe4 Bb4 6. a3 Nd4 7. axb4 Nc6 8.
d3 Nxb4 9. Ng5 f6 10. Nf7 Rf8 11. Nxd8 Nc6 12. Nxc6 bxc6 13. Nc3 Rb8 14. Rxa7
Bb7 15. Qh5+ Rf7 16. Qxf7+ Kd8 17. Qf8# 1-0

[Event "Junior Online 4NCL Division 4"]
[Site "online"]
[Date "2020.09.03"]
[Round "2.165"]
[White "Yau, Ethan Y"]
[Black "Wan, Qiao"]
[Result "1-0"]
[WhiteElo "1562"]
[BlackElo "1052"]
[PlyCount "25"]
[EventDate "2020.09.03"]
[WhiteTeam "Temple Sutton Juniors"]
[BlackTeam "Cambridge Chess & Go C"]

1. e4 e5 2. Nf3 c5 3. Bc4 Nc6 4. Nc3 Nf6 5. d3 Bd6 6. Bg5 O-O 7. Nd5 Nd4 8.
Nxf6+ gxf6 9. Bh6 Re8 10. c3 Nxf3+ 11. Qxf3 Bc7 12. Qg4+ Kh8 13. Qg7# 1-0

[Event "Junior Online 4NCL Division 4"]
[Site "online"]
[Date "2020.09.03"]
[Round "2.167"]
[White "Yau, Max Y"]
[Black "Soni, Raghhav"]
[Result "1-0"]
[WhiteElo "1277"]
[BlackElo "762"]
[PlyCount "57"]
[EventDate "2020.09.03"]
[WhiteTeam "Temple Sutton Juniors"]
[BlackTeam "Cambridge Chess & Go C"]

1. e4 e5 2. Nf3 Nc6 3. Bc4 d5 4. exd5 Nb4 5. Nxe5 Nxd5 6. Bxd5 Qxd5 7. Nf3 Qd8
8. O-O Be7 9. Nc3 Qd7 10. d3 Nh6 11. Bxh6 O-O 12. Be3 b5 13. a3 b4 14. axb4
Bxb4 15. Ne4 Be7 16. Qd2 Qe6 17. c3 Qb3 18. Ra2 Qxa2 19. Qc2 Qa6 20. d4 Qb6 21.
Neg5 Qg6 22. Qxg6 fxg6 23. Ne4 Rd8 24. Bg5 Bxg5 25. Nexg5 Rd5 26. Ne4 Ra5 27.
Re1 Ra2 28. Neg5 Rxb2 29. Re8# 1-0

[Event "Junior Online 4NCL Division 4"]
[Site "online"]
[Date "2020.09.03"]
[Round "2.171"]
[White "Burnton, Joshua"]
[Black "Saunders, Oliver"]
[Result "1-0"]
[WhiteElo "1202"]
[BlackElo "1052"]
[PlyCount "79"]
[EventDate "2020.09.03"]
[WhiteTeam "Muswell Hill Knights"]
[BlackTeam "Barnet Knights E"]

1. e4 e5 2. Nf3 Nc6 3. c3 Nf6 4. d4 d6 5. d5 Ne7 6. Bd3 Bg4 7. h3 Bh5 8. Bg5 h6
9. Bxf6 gxf6 10. Nbd2 c6 11. dxc6 Nxc6 12. Qb3 Qc7 13. Nh4 Bg6 14. Nxg6 fxg6
15. Qe6+ Qe7 16. Qd5 Bg7 17. Bb5 Qd7 18. Bxc6 bxc6 19. Qd3 f5 20. exf5 gxf5 21.
O-O-O d5 22. Rhe1 O-O 23. Qg3 f4 24. Qg6 Qf7 25. Qxc6 Rac8 26. Qa4 h5 27. Nf3
Qe7 28. Rxd5 Rf5 29. Qe4 Re8 30. Qxf5 Qf6 31. Qxf6 Bxf6 32. Nxe5 Bxe5 33. Rexe5
Rxe5 34. Rxe5 Kf7 35. Ra5 Kf6 36. Rxa7 h4 37. Ra4 Ke5 38. Rd4 Kf5 39. a4 Ke5
40. a5 1-0

[Event "Junior Online 4NCL Division 4"]
[Site "online"]
[Date "2020.09.03"]
[Round "2.172"]
[White "Gold, Arthur"]
[Black "Dayle, Cosmo"]
[Result "1-0"]
[WhiteElo "1075"]
[BlackElo "1000"]
[PlyCount "69"]
[EventDate "2020.09.03"]
[WhiteTeam "Barnet Knights E"]
[BlackTeam "Muswell Hill Knights"]

1. e4 e5 2. Nf3 Nc6 3. Bc4 Nd4 4. Nxd4 exd4 5. c3 c5 6. O-O d6 7. Qf3 Nf6 8. d3
Bg4 9. Qg3 Be7 10. f3 Bh5 11. Bg5 h6 12. Bxf6 Bxf6 13. Bb5+ Kf8 14. Qh3 Qb6 15.
c4 a6 16. Qxh5 axb5 17. Na3 b4 18. Nb5 Ra5 19. Qd5 Be7 20. Rfe1 f6 21. b3 Ke8
22. Qe6 Qd8 23. a4 Rg8 24. Qxg8+ Kd7 25. Qxd8+ Kxd8 26. f4 g5 27. g3 g4 28. e5
dxe5 29. fxe5 fxe5 30. Rxe5 b6 31. Rae1 Bg5 32. Rd5+ Kc8 33. Re8+ Kb7 34. Rd7+
Kc6 35. Rc7# 1-0

[Event "Junior Online 4NCL Division 4"]
[Site "online"]
[Date "2020.09.03"]
[Round "2.173"]
[White "Qiu, Calvin"]
[Black "Wang, Bintong"]
[Result "1-0"]
[WhiteElo "932"]
[BlackElo "1052"]
[PlyCount "29"]
[EventDate "2020.09.03"]
[WhiteTeam "Muswell Hill Knights"]
[BlackTeam "Barnet Knights E"]

1. e4 e5 2. Nf3 Nc6 3. Nc3 Bc5 4. d3 d6 5. g3 Bg4 6. Bg2 Nf6 7. O-O Qd7 8. Bg5
Bh3 9. Bxf6 gxf6 10. Nd5 O-O-O 11. Nxf6 Qe6 12. Ng5 Bxg2 13. Nxe6 Bxf1 14. Nxd8
Rxd8 15. Qxf1 1-0

[Event "Junior Online 4NCL Division 4"]
[Site "online"]
[Date "2020.09.03"]
[Round "2.174"]
[White "Ryazhenov-Siems, Nikolas"]
[Black "Sawyer, Charlie"]
[Result "0-1"]
[WhiteElo "902"]
[BlackElo "925"]
[PlyCount "33"]
[EventDate "2020.09.03"]
[WhiteTeam "Barnet Knights E"]
[BlackTeam "Muswell Hill Knights"]

1. e3 e5 2. Bc4 Nc6 3. Bd5 Nf6 4. Qf3 Bc5 5. Bxc6 dxc6 6. d4 exd4 7. exd4 Bb4+
8. c3 Bd6 9. Qe3+ Be6 10. Na3 O-O 11. Nc4 Re8 12. Qd2 Bxc4+ 13. Ne2 Bxe2 14.
Qd1 Bxd1+ 15. Kxd1 Qe7 16. Bg5 Qe2+ 17. Kc1 0-1

[Event "Junior Online 4NCL Division 4"]
[Site "online"]
[Date "2020.09.03"]
[Round "2.175"]
[White "Saunders, Oliver"]
[Black "Burnton, Joshua"]
[Result "0-1"]
[WhiteElo "1052"]
[BlackElo "1202"]
[PlyCount "110"]
[EventDate "2020.09.03"]
[WhiteTeam "Barnet Knights E"]
[BlackTeam "Muswell Hill Knights"]

1. e4 e5 2. Nf3 Nf6 3. Nxe5 Nc6 4. Nf3 Nxe4 5. Qe2 Qe7 6. d3 Nf6 7. Qxe7+ Bxe7
8. Bg5 d5 9. g3 Bg4 10. Bg2 O-O-O 11. O-O h6 12. Be3 d4 13. Bd2 Bb4 14. Bxb4
Nxb4 15. b3 Nxc2 16. Nbd2 Nxa1 17. Rxa1 Rhe8 18. Re1 Bxf3 19. Nxf3 Rxe1+ 20.
Nxe1 Re8 21. Nf3 c5 22. Bh3+ Kc7 23. Kf1 Nd5 24. Nd2 Nc3 25. a3 Re2 26. Nb1 Rc2
27. Nxc3 Rxc3 28. b4 Rxd3 29. Ke1 Rxa3 30. bxc5 Rc3 31. Bg2 Rxc5 32. Kd2 b6 33.
Kd3 Rh5 34. Bf3 Rxh2 35. Kxd4 Rxf2 36. Be4 g6 37. g4 Rf4 38. Kd5 Rxg4 39. Kd4
Kd6 40. Kd3 Rxe4 41. Kxe4 a5 42. Kd4 h5 43. Kc4 h4 44. Kb5 g5 45. Kxb6 f5 46.
Kxa5 g4 47. Kb4 h3 48. Kc3 h2 49. Kd4 h1=Q 50. Ke3 g3 51. Kf4 g2 52. Kxf5 g1=Q
53. Kf4 Qh4+ 54. Kf3 Qf1+ 55. Ke3 Qhf4# 0-1

[Event "Junior Online 4NCL Division 4"]
[Site "online"]
[Date "2020.09.03"]
[Round "2.176"]
[White "Dayle, Cosmo"]
[Black "Gold, Arthur"]
[Result "1-0"]
[WhiteElo "1000"]
[BlackElo "1075"]
[PlyCount "85"]
[EventDate "2020.09.03"]
[WhiteTeam "Muswell Hill Knights"]
[BlackTeam "Barnet Knights E"]

1. e4 e5 2. Nf3 Nc6 3. d4 exd4 4. Nxd4 Nxd4 5. Qxd4 c5 6. Qe5+ Qe7 7. Qxe7+
Bxe7 8. Bd2 Bf6 9. Nc3 Ne7 10. O-O-O d6 11. Bb5+ Bd7 12. Bc4 Bxc3 13. Bxc3 b5
14. Bd5 Nxd5 15. exd5 O-O 16. Rde1 Rfe8 17. Rd1 b4 18. Bd2 Bf5 19. c4 Re2 20.
Rhf1 Bd3 21. Bxb4 Rc2+ 22. Kb1 Rxb2+ 23. Kxb2 Bxf1 24. Bxc5 dxc5 25. Rxf1 Rb8+
26. Kc3 g6 27. Re1 Rd8 28. Re7 Ra8 29. Rc7 Re8 30. Rxc5 Re2 31. d6 Re8 32. d7
Rd8 33. Rc8 Kf8 34. Rxd8+ Ke7 35. Ra8 a5 36. d8=Q+ Ke6 37. Rxa5 g5 38. Qxg5 h5
39. Ra6+ Kd7 40. Qg7 Ke7 41. h4 Ke8 42. Ra7 Kd8 43. Qg8# 1-0

[Event "Junior Online 4NCL Division 4"]
[Site "online"]
[Date "2020.09.03"]
[Round "2.177"]
[White "Wang, Bintong"]
[Black "Qiu, Calvin"]
[Result "0-1"]
[WhiteElo "1052"]
[BlackElo "932"]
[PlyCount "54"]
[EventDate "2020.09.03"]
[WhiteTeam "Barnet Knights E"]
[BlackTeam "Muswell Hill Knights"]

1. e4 e5 2. Nf3 Nc6 3. Bc4 Bc5 4. d3 Nf6 5. Nc3 d6 6. Bg5 h6 7. Bh4 O-O 8. Nd5
Bg4 9. Nxf6+ gxf6 10. h3 Bh5 11. g4 Bg6 12. c3 a6 13. Qb3 b5 14. Bd5 Qd7 15.
O-O-O a5 16. a4 bxa4 17. Qxa4 Ra6 18. Rhg1 Rb6 19. Kd2 Rxb2+ 20. Ke1 Rfb8 21.
Kf1 R8b6 22. Kg2 h5 23. Bxf6 hxg4 24. hxg4 Qxg4+ 25. Kf1 Rxf2+ 26. Ke1 Qxf3 27.
Bxc6 Qe2# 0-1

[Event "Junior Online 4NCL Division 4"]
[Site "online"]
[Date "2020.09.03"]
[Round "2.178"]
[White "Sawyer, Charlie"]
[Black "Ryazhenov-Siems, Nikolas"]
[Result "0-1"]
[WhiteElo "925"]
[BlackElo "902"]
[PlyCount "110"]
[EventDate "2020.09.03"]
[WhiteTeam "Muswell Hill Knights"]
[BlackTeam "Barnet Knights E"]

1. e4 e6 2. Nf3 Bb4 3. Bc4 d5 4. Bd3 Nf6 5. a3 Bc5 6. Nc3 dxe4 7. Nxe4 Nxe4 8.
Bxe4 f5 9. Bd3 Rf8 10. b3 Rf6 11. Bb2 Rh6 12. Qe2 Rh5 13. O-O-O f4 14. Bxg7 Bd7
15. Be4 Bc6 16. Bxc6+ bxc6 17. Qxe6+ Qe7 18. Qf6 Nd7 19. Qxe7+ Kxe7 20. Bb2 Nb6
21. Ne5 Rxe5 22. Bxe5 Ke6 23. Rde1 Kf5 24. Bxc7 Bxf2 25. Re5+ Kg4 26. Bxb6 axb6
27. Kb2 Bd4+ 28. Ka2 Bxe5 29. h3+ Kg3 30. Re1 Bd4 31. Re4 Bf2 32. Re6 Rd8 33.
Kb1 Rxd2 34. Rxc6 Rd1+ 35. Ka2 Kxg2 36. Rxb6 Bxb6 37. a4 f3 38. b4 f2 39. a5
Ba7 40. b5 f1=Q 41. b6 Bb8 42. b7 Qa6 43. Ka3 Qxa5+ 44. Kb3 Qb5+ 45. Kc3 Qxb7
46. Kc4 Qf3 47. c3 Rd3 48. Kb4 Rxc3 49. Kb5 Qf5+ 50. Kb4 Rd3 51. Kc4 Re3 52.
Kd4 Re4+ 53. Kd3 Qf3+ 54. Kd2 Re2+ 55. Kd1 Qf1# 0-1

[Event "Junior Online 4NCL Division 4"]
[Site "online"]
[Date "2020.09.03"]
[Round "2.181"]
[White "Correa, Edward"]
[Black "Sukumar, Vishnu"]
[Result "1-0"]
[WhiteElo "1187"]
[BlackElo "1000"]
[PlyCount "47"]
[EventDate "2020.09.03"]
[WhiteTeam "Manchester Juniors D"]
[BlackTeam "Surbiton Juniors E"]

1. e4 e5 2. Nf3 Nc6 3. d4 exd4 4. Bc4 Nf6 5. e5 Ne4 6. Bd5 Nc5 7. Bxc6 bxc6 8.
Qxd4 Be7 9. Qg4 O-O 10. Bh6 Ne6 11. Nd4 g6 12. Nxe6 dxe6 13. Bxf8 Bxf8 14. O-O
f6 15. exf6 e5 16. Qc4+ Kh8 17. Qxc6 Qd4 18. Qxa8 Qxb2 19. Qxc8 Kg8 20. Qe6+
Kh8 21. Qf7 Qb8 22. Re1 c5 23. Rxe5 Bd6 24. Qg7# 1-0

[Event "Junior Online 4NCL Division 4"]
[Site "online"]
[Date "2020.09.03"]
[Round "2.182"]
[White "Ong-Seng, Miles"]
[Black "Topping, Rachel"]
[Result "1-0"]
[WhiteElo "900"]
[BlackElo "1127"]
[PlyCount "95"]
[EventDate "2020.09.03"]
[WhiteTeam "Surbiton Juniors E"]
[BlackTeam "Manchester Juniors D"]

1. e4 e5 2. Nf3 Nc6 3. d4 f6 4. d5 Nb4 5. a3 Na6 6. Be3 c6 7. c4 Qa5+ 8. Bd2
Nb4 9. Bxb4 Bxb4+ 10. Nbd2 Bxd2+ 11. Qxd2 Qxd2+ 12. Nxd2 cxd5 13. cxd5 Ne7 14.
d6 Nc6 15. Bc4 Nd4 16. Rc1 b5 17. Ba2 Bb7 18. f3 Bc6 19. Kf2 O-O-O 20. Nb3 Ne6
21. Na5 Kb8 22. Rhd1 Rc8 23. Nxc6+ Rxc6 24. Rxc6 dxc6 25. Bxe6 Re8 26. Bf5 g6
27. Bh3 Rd8 28. Be6 c5 29. d7 Kc7 30. Ke3 Kc6 31. g3 a5 32. f4 exf4+ 33. gxf4
g5 34. fxg5 fxg5 35. e5 h5 36. Rg1 g4 37. Kf4 Rf8+ 38. Kg5 Kc7 39. Kxh5 Rf2 40.
Rxg4 Rxh2+ 41. Kg5 Rxb2 42. Kf6 Rf2+ 43. Ke7 Re2 44. d8=Q+ Kc6 45. Qc8+ Kb6 46.
Qb8+ Kc6 47. Bd7+ Kd5 48. Qd6# 1-0

[Event "Junior Online 4NCL Division 4"]
[Site "online"]
[Date "2020.09.03"]
[Round "2.183"]
[White "Govindu, Aashrith Reddy"]
[Black "Hutchison, Alec"]
[Result "0-1"]
[WhiteElo "1075"]
[BlackElo "925"]
[PlyCount "46"]
[EventDate "2020.09.03"]
[WhiteTeam "Manchester Juniors D"]
[BlackTeam "Surbiton Juniors E"]

1. e4 e5 2. Nf3 Nc6 3. Nc3 Nf6 4. Bc4 Nxe4 5. O-O Nxc3 6. dxc3 d6 7. Bg5 Be7 8.
Bxe7 Qxe7 9. Qd5 O-O 10. Bd3 Be6 11. Qe4 g6 12. Qe3 Bf5 13. Qh6 Bxd3 14. Ng5 f6
15. Rfd1 Bxc2 16. Rdc1 fxg5 17. Rxc2 Qf6 18. Rd2 Ne7 19. Rd3 Nf5 20. Rh3 Nxh6
21. Rxh6 Qxf2+ 22. Kh1 Qf1+ 23. Rxf1 Rxf1# 0-1

[Event "Junior Online 4NCL Division 4"]
[Site "online"]
[Date "2020.09.03"]
[Round "2.184"]
[White "Ciais, Dimitri P"]
[Black "Meredith, George"]
[Result "1-0"]
[WhiteElo "827"]
[BlackElo "1007"]
[PlyCount "85"]
[EventDate "2020.09.03"]
[WhiteTeam "Surbiton Juniors E"]
[BlackTeam "Manchester Juniors D"]

1. e4 e5 2. Nf3 Nc6 3. Bb5 a6 4. Ba4 Nf6 5. O-O Bc5 6. c3 O-O 7. Re1 d6 8. d4
Bg4 9. dxc5 Bxf3 10. Qxf3 dxc5 11. Rd1 Qe7 12. Bxc6 bxc6 13. Bg5 Rad8 14. Nd2
Rd6 15. Nc4 Rdd8 16. Rxd8 Rxd8 17. Rd1 h6 18. Rxd8+ Qxd8 19. Bxf6 Qxf6 20. Qxf6
gxf6 21. Na5 c4 22. Nxc6 h5 23. Na5 h4 24. Nxc4 Kg7 25. h3 Kg6 26. b4 f5 27.
Nxe5+ Kf6 28. Nd7+ Ke6 29. Nc5+ Kf6 30. exf5 Kxf5 31. Nxa6 c6 32. Nb8 Ke4 33.
Nxc6 Kd3 34. b5 Kxc3 35. b6 Kc4 36. b7 Kc5 37. b8=Q Kxc6 38. Qe8+ Kd5 39. Qxf7+
Kd4 40. Qf4+ Kc3 41. Qxh4 Kb2 42. Qb4+ Kxa2 43. f4 1-0

[Event "Junior Online 4NCL Division 4"]
[Site "online"]
[Date "2020.09.03"]
[Round "2.185"]
[White "Sukumar, Vishnu"]
[Black "Correa, Edward"]
[Result "1-0"]
[WhiteElo "1000"]
[BlackElo "1187"]
[PlyCount "103"]
[EventDate "2020.09.03"]
[WhiteTeam "Surbiton Juniors E"]
[BlackTeam "Manchester Juniors D"]

1. e4 c5 2. Nf3 e6 3. Nc3 a6 4. Bc4 d6 5. O-O Qc7 6. d3 b6 7. d4 cxd4 8. Qxd4
e5 9. Qe3 Qxc4 10. b3 Qc7 11. Nd5 Qxc2 12. Qxb6 Kd7 13. Nb4 Qxe4 14. Ng5 Qg6
15. Be3 h6 16. Rac1 hxg5 17. Qc7+ Ke6 18. Qxc8+ Nd7 19. Qxa8 Be7 20. Qd5+ Kf6
21. Nc6 Nb6 22. Bxb6 g4 23. Nxe7 Nxe7 24. Qxd6+ Kf5 25. Qxe7 Qxb6 26. Qxf7+ Qf6
27. Qxf6+ gxf6 28. h3 gxh3 29. Rc3 hxg2 30. Rf3+ Ke6 31. Kxg2 Rg8+ 32. Rg3 Rd8
33. Rc1 Rd6 34. f4 exf4 35. Re1+ Kf5 36. Rc3 Kg4 37. Rg1 f3+ 38. Kf2+ Kh4 39.
Rc8 Rd2+ 40. Kxf3 Rd3+ 41. Ke4 Rg3 42. Rxg3 Kxg3 43. Ra8 Kg4 44. Rxa6 f5+ 45.
Kd3 f4 46. Ke2 f3+ 47. Kf1 Kg3 48. Ke1 Kg2 49. Rf6 Kg3 50. b4 Kg2 51. b5 Kg3
52. b6 1-0

[Event "Junior Online 4NCL Division 4"]
[Site "online"]
[Date "2020.09.03"]
[Round "2.186"]
[White "Topping, Rachel"]
[Black "Ong-Seng, Miles"]
[Result "1/2-1/2"]
[WhiteElo "1127"]
[BlackElo "900"]
[PlyCount "116"]
[EventDate "2020.09.03"]
[WhiteTeam "Manchester Juniors D"]
[BlackTeam "Surbiton Juniors E"]

1. e4 e5 2. Nf3 Nc6 3. Nc3 Nf6 4. a3 d5 5. Ng5 h6 6. Nh3 dxe4 7. Bb5 a6 8.
Bxc6+ bxc6 9. O-O Bxh3 10. gxh3 Bd6 11. Kh1 O-O 12. Rg1 Qd7 13. Rg3 Kh8 14. d3
exd3 15. cxd3 Bc5 16. Be3 Bxe3 17. Rxe3 Rfe8 18. Qf3 Nd5 19. Nxd5 Qxd5 20. Re4
Rf8 21. Re3 Qxf3+ 22. Rxf3 Rab8 23. b4 Rbd8 24. Rc1 Rd6 25. Rc5 f6 26. Ra5 Ra8
27. h4 Kg8 28. Kg2 Kf7 29. Kg3 g5 30. hxg5 hxg5 31. Kg4 Kg6 32. h4 Rd4+ 33. Kh3
Rxh4+ 34. Kg2 Rg4+ 35. Kf1 Rf4 36. Rg3 Kh5 37. Rc5 Rd4 38. Rxc6 Ra7 39. Rxf6
Rg4 40. Rh3+ Rh4 41. Re3 a5 42. bxa5 Rxa5 43. Rc6 Rxa3 44. Rxc7 Rh1+ 45. Kg2
Rh4 46. Rh7+ Kg6 47. Rxh4 gxh4 48. Kh3 e4 49. dxe4 Ra2 50. Rf3 Re2 51. Rf4 Kg5
52. Rg4+ Kf6 53. f3 Re3 54. Rf4+ Ke5 55. Rxh4 Rxf3+ 56. Kg2 Re3 57. Kf2 Rxe4
58. Rxe4+ Kxe4 1/2-1/2